00313nam a2200133Ia 4500008004100000020001500041041001200056100001500068245003800083250000800121260002500129300001000154650001500164221030s9999 xx 000 0 und d a9339221869 aEnglish aM. Y. Khan 0aFinancial Servicescby M. Y. Khan a8th bTMHaNew Delhic2016 a14.53 aManagement